Normal view
MARC view
Entry Topical Term
001 - CONTROL NUMBER
- control field: 52374
003 - CONTROL NUMBER IDENTIFIER
- control field: ARRUPE
005 - DATE AND TIME OF LATEST TRANSACTION
- control field: 20240206093812.0
008 - FIXED-LENGTH DATA ELEMENTS
- fixed length control field: 240206|| aca||aabn | a|a d
040 ## - CATALOGING SOURCE
- Original cataloging agency: ARRUPE
- Transcribing agency: ARRUPE
150 ## - HEADING--TOPICAL TERM
- Topical term or geographic name as entry element: World War, 1939-1945
- Geographic subdivision: Germany
670 ## - SOURCE DATA FOUND
- Source citation: Work cat.: (ARRUPE)131768: Wheeler-Bennett, John Wheeler, Sir, 1902-1975. 52372, The nemesis of power;, 1964.